| 000 | 00400 a2200157 4500 | ||
|---|---|---|---|
| 001 | 72899 | ||
| 020 | _a9788535625721 | ||
| 040 | _cAnchieta - Colégio São Paulo | ||
| 100 | _aRocha, Fabiana Guimarães | ||
| 240 | 1 | 0 |
_aO Senhor do Tempo e outras histórias _lpor |
| 245 | 1 | 0 | _aO Senhor do Tempo e outras histórias |
| 300 | _a22 | ||
| 362 | 0 | _a2010 | |
| 650 | 4 | _aLiteratura infantil | |
| 942 | _cBK | ||
| 999 |
_c72899 _d72899 |
||